Every 250K+ City In Colombia On A Map - Statistics

General Stats
  • This quiz has been taken 234 times
  • The average score is 13 of 23
Answers on the Map
Answers color-coded by a green-red scale on the quiz's map according to % correct below.
 
Answer Stats
Rank City Population % Correct
1 Bogotá 7,387,000
100%
2 Medellín 2,382,000
99%
3 Cali 2,172,000
95%
4 Barranquilla 1,205,000
94%
5 Cartagena 876,000
84%
9 Bucaramanga 570,000
74%
6 Cúcuta 685,000
60%
13 Santa Marta 455,000
57%
19 Pasto 308,000
50%
11 Ibagué 492,000
49%
17 Pereira 385,000
49%
8 Soledad 602,000
48%
20 Armenia 287,000
47%
14 Valledupar 431,000
44%
15 Manizales 405,000
43%
12 Villavicencio 492,000
42%
7 Soacha 655,000
41%
10 Bello 495,000
39%
16 Montería 388,000
39%
18 Neiva 335,000
39%
23 Popayán 266,000
39%
21 Floridablanca 280,000
26%
22 Palmira 275,000
26%
No matching quizzes found
Score Distribution
Percent of People with Each Score
Percentile by Number Answered
Your Score History
You have not taken this quiz